| 000 | 00527nam a2200193Ia 4500 | ||
|---|---|---|---|
| 005 | 20250326143038.0 | ||
| 008 | 250326s9999 xx 000 0 und d | ||
| 037 | _aTextbook | ||
| 040 |
_aFMSL _beng _cFMSL |
||
| 041 |
_aeng _2eng |
||
| 084 |
_aX:513 N4 _qFMSL |
||
| 100 | _aSandage C H | ||
| 245 | 0 |
_aAdvertising theory and practice _cSandage C H And Others |
|
| 250 | _a11 | ||
| 260 |
_aHomewood _bHomewood, Richard D. Irwin _c1994 |
||
| 300 | _a509p | ||
| 942 |
_cTB _hX:513 N4 |
||
| 999 |
_c1297855 _d1297855 |
||